Suplementos en medios gráficos /

El lugar que ocupan los suplementos culturales en la difusión de la cultura, en distintos contextos sociales e históricos. Se ejemplifica a partir de la evolución de esos suplementos en la Argentina, y el desarrollo de sus contenidos en las distintas etapas de su historia.

Guardado en:
Autor Principal: Sauvignone, Marcelo
Autor Corporativo: Canal Encuentro.
Formato: Deslizar
Publicado: Argentina, 2011
Series:Horizontes. Lengua
Materias:
Etiquetas: Agregar Etiqueta
Sin Etiquetas, Sea el primero en etiquetar este registro!
LEADER 01117ngm a22002895g 4500
001 CEM.cems023700
008 130507s2011##################0###0#####d
005 20250624172943.0
245 1 0 |a Suplementos en medios gráficos /  |c Marcelo Sauvignone. 
260 |a Argentina,  |c 2011 
300 |a 30'. 
490 0 |a Horizontes. Lengua 
538 |a Soporte: DVD - Color: Si - Grabación DRD. 
520 |a El lugar que ocupan los suplementos culturales en la difusión de la cultura, en distintos contextos sociales e históricos. Se ejemplifica a partir de la evolución de esos suplementos en la Argentina, y el desarrollo de sus contenidos en las distintas etapas de su historia. 
500 |a Consultar en ventanilla. 
100 1 |a Sauvignone, Marcelo 
710 2 |a Canal Encuentro. 
082 4 0 |/ SAU-1 
653 |a LITERATURA 
653 |a LENGUA 
653 |a LENGUA Y LITERATURA 
653 |a GENEROS LITERARIOS 
653 |a ARTES GRAFICAS 
653 |a MEDIOS GRAFICOS 
653 |a DIARIOS 
653 |a SERIE DE TELEVISIÓN 
859 |a CEMS  |b BIB. CEMS - Depto. Recursos Didacticos  |h 401  |i SAU-1  |k DRD  |p 2343.15  |t Ej.1